000 00242nam a2200097Ia 4500
001 684560
005 20250826161500.0
008 250824s9999 xx 000 0 und d
245 0 _aHikaye Tahlilleri
_cMehmet Kaplan
260 _bDergah Yayınları
999 _c684560
_d684560